Nové trendy v geografii Zborník referátov z 3. teoreticko-metodologickej konferencie Slovenskej geografickej spoločnosti. Piešťany 24.-26.10. 1988

Saved in:
Bibliographic Details
Other Authors: Bezák, Anton
Format: Book
Language:Slovak
Published: Bratislava Slovenská geografická spoločnosť pri SAV 1989
Edition:1. vyd.
Tags: Add Tag
No Tags, Be the first to tag this record!

MARC

LEADER 00000nam a2200000 4500
001 c022091
005 20221215071013.5
041 0 |a slo 
044 |a SK 
245 1 0 |a Nové trendy v geografii  |b Zborník referátov z 3. teoreticko-metodologickej konferencie Slovenskej geografickej spoločnosti. Piešťany 24.-26.10. 1988  |c Hl. zost. Anton Bezák 
250 |a 1. vyd. 
264 1 |a Bratislava  |b Slovenská geografická spoločnosť pri SAV  |c 1989 
300 |a 77 s. 
700 1 |a Bezák, Anton